000 00208nam a2200085Ia 4500
008 170617s9999 xx 000 0 und d
100 _aAnthikad-J
245 0 _aBiochemistry for Nurses
260 _b"LOTUS PUBLISHERS
260 _c JALANDHAR"
999 _c12754
_d12754